1351 1948 1472 1446 1627 1196 1998 1351 1861 1499 1304 1488 1964 1793 1136 1834 1418 1803 1855 1822 1260 1498 1406 1035 1297 1033 1338 1827 1081 1421 1561 1705 1036 1868 1758 1372 1708 1275 1720 1380 1846 1619 1936 1486 1063 1235 1162 1603 1448 1090 1160 1222 1333 1983 1809 1068 1778 1838 1132 1732 1231 1821 1907 1592 1894 1559 1144 1924 1279 1529 1269 1742 1285 1762 1904 1613 1459 1527 1856 1719 1802 1804 1059 1423 1634 1426 1550 1951 1748 1251 1204 1786 1297 1028 1432 1904 1024 1179 1434 BCNSPRNW ULIB Ver.6.0+V

เปลี่ยนเป็นภาษาไทย

Change to English
 แสดงรายละเอียดบรรณานุกรม
  กลับหน้าหลัก

Brief Record : Get Marc (ISO 2709) : E-mail record : QR code < ปิดหน้าต่าง
LEADER : 00000nam 2200000uu 4500
001    13399108457
003     ULIB
008    110201s2552||||th 000 0 tha d
020    9749245407
060 04 WY150^bร765ค 2552
099    เรณู อาจสาลี
245 10 คำศัพท์การพยาบาลผู้ใหญ่ /^cเรณู อาจสาลี
250    พิมพ์ครั้งที่ 4
260    กรุงเทพฯ :^bคณะพยาบาลศาสตร์ มหาวิทยาลัยมหิดล,^c2552
300    187 หน้า
650  7 การพยาบาลผู้ใหญ่^xคำศัพท์
710 2  มหาวิทยาลัยมหิดล^bคณะพยาบาลศาสตร์
945    ^p55^l0^i025195
945    ^p55^l0^i025193
945    ^p55^l0^i025194
995  เ ทศพร
999 ^a ใช้งานได้ทุกระบบ
รายการนี้ยังไม่มีแท็ก
คุณยังไม่ได้ล็อกอิน คุณสามารถมีกิจกรรมร่วมกับเว็บไซต์ได้ แต่ต้องล็อกอินก่อน ::
  ล็อกอิน

รายการสื่อสารสนเทศ

ลำดับที่ ประเภท เลขเรียก/บาร์โค้ด สถานที่ สถานะ
- ไม่พบข้อมูล -

BibComment


ยังไม่เคยถูกคอมเมนท์

คอมเมนท์ทรัพยากรรายการนี้
  คอมเมนท์: คำศัพท์การพยาบาลผ..


 Copyright 2026. Bcnsprnw @Library